(Football) Associer les clubs aux stades (Italie) - Statistiques

Statistiques générales
  • Ce quiz a été pris 330 fois
  • Le résultat moyen est 13 sur 19
Statistiques - réponses
Stades Clubs % Correct
Stadio Diego Armando Maradona Naples SSC
100%
Stade San Siro Milan AC
99%
Stadio Olimpico SS Lazio Rome / As Roma
97%
Stade Giuseppe-Meazza Inter Milan FC
96%
Allianz Stadium Juventus Turin FC
95%
Stadio Olimpico Grande Torino Torino FC
87%
Stadio Atleti Azzurri d'Italia Atalanta Bergame Calcio
76%
Stade Artemio - Franchi ACF Fiorentina
74%
Mapei Stadium US Sassuolo
65%
Stade Luigi-Ferraris UC Sampdoria
64%
Stade Renato-Dall'Ara Bologne FC
61%
La Dacia Arena / Stadio Friuli Udinese Calcio
61%
Stade Marcantonio-Bentegodi Hellas Vérone FC
51%
Stade Brianteo AC Monza
48%
Stadio Ettore Giardiniero US Lecce
45%
Stade Arigis US Salernitana
44%
Stade Carlo-Castellani Empoli FC
40%
Stade Alberto-Picco Spezia Calcio
36%
Stadio Giovanni Zini US Cremonese
31%
Aucun quiz correspondant
Distribution des résultats
% des personnes avec chaque résultat
Percentile par nombre de réponses
Votre historique - résultats
Vous n’avez pas pris ce quiz